Guess the NBA player by teams they played for - Statistics

General Stats
  • This quiz has been taken 149 times
    142 since last reset
  • The average score is 8 of 15
Answer Stats
teams Answer % Correct
Bulls to wizards Michael Jordan
88%
magic to lakers to heat to suns to cavaliers to celtics Shaquille O'Neal
77%
warriors to mavericks Klay Thompson
76%
pelicans to lakers Anthony Davis
74%
thunder to rockets to wizards to lakers to clippers Russell Westbrook
68%
spurs to raptors to clippers Kawhi Leonard
56%
pelicans to clippers to rockets to thunder to suns Chris Paul
55%
timberwolves to celtics to nets to timberwolves Kevin Garnett
55%
timberwolves to cavaliers to heat Kevin Love
55%
bulls to rockets to trailblazers to bulls Scottie Pippen
43%
pistons to spurs to bulls to lakers to mavericks Dennis Rodman
42%
spurs to hawks Dejounte Murray
37%
rockets to raptors hakeem Olajuwon
36%
supersonics to bucks to lakers to celtics to heat Gary Payton
24%
wizards to nuggets to 76ers to mavericks to warriors to lakers to cavaliers to nuggets to suns to mavericks to kings JaVale McGee
2%
No matching quizzes found
Score Distribution
Percent of People with Each Score
Percentile by Number Answered
Your Score History
You have not taken this quiz since the last reset